Statistics for La Liga top assist makers (2000-2010)

Click here to take the quiz!

General Stats

  • This quiz has been taken 29 times
  • The average score is 14 of 50

Answer Stats

Last club in La LigaPlayerAssists% Correct
BarcelonaXavi57
81%
BarcelonaLionel Messi29
77%
Real MadridZinedine Zidane38
77%
BarcelonaRonaldinho38
73%
Real MadridGuti47
69%
Real MadridRaul48
65%
Real MadridDavid Beckham33
62%
BarcelonaSamuel Eto'o45
62%
Real MadridLuis Figo61
54%
Real MadridRoberto Carlos45
50%
BarcelonaDani Alves44
46%
Atletico MadridDavid Villa27
46%
VillarealJuan Roman Riquelme35
46%
BarcelonaDeco32
38%
Real BetisJoaquin53
38%
ZaragozaLuis Garcia45
38%
Real SociedadJavier de Pedro39
31%
CeltaAleksandr Mostovoi33
23%
Las PalmasJuan Carlos Valeron39
23%
ValenciaPablo Aimar38
23%
EspanyolIvan de la Pena39
19%
SevillaJesus Navas28
19%
Athletic BilbaoJoseba Etxeberria40
19%
Atletico MadridMaxi Rodriguez27
19%
BarcelonaPatrick Kluivert32
19%
RacingPedro Munitis52
19%
MalagaSavio34
19%
Real SociedadValeri Karpin36
19%
ValenciaVicente35
19%
DeportivoVictor Sanchez47
19%
OsasunaFrancisco Punal25
15%
Athletic BilbaoIsmael Urzaiz26
15%
MalagaAlbert Luque25
12%
MallorcaAntonio Lopez26
12%
VillarealAriel Ibagazza63
12%
MalagaDuda30
12%
HerculesFrancisco Rufete32
12%
Athletic BilbaoFrancisco Yeste59
12%
CeltaGustavo Lopez30
12%
Rayo VallecanoRaul Tamudo26
12%
Real BetisDenilson23
8%
ValenciaMiguel Angel Angulo24
8%
OsasunaSavo Milosevic23
8%
Victor41
8%
VillarealNihat Kahveci25
4%
Real BetisSergio39
4%
GimnasticAlejandro Campano27
0%
Real BetisEdu26
0%
AlmeriaLopes Rekarte23
0%
EspanyolNene23
0%

Score Distribution

Percentile by Number Answered

Percent of People with Each Score

Your Score History

You have not taken this quiz